00999nam a2200289 4500001000400000003000400004005001700008008004100025040000800066041001300074082001500087100002900102245007100131260003500202300001100237490002500248520024600273650002500519650002200544650003000566650001300596650001500609655001200624655001600636700003200652830002500684165OSt20250528074013.0250129b |||||||g |||| 00| 1 eng d bpor hengapor a813bC752e aConnelly, Michaeld1956- aEcho Park /cConnelly, Michael ; Tradução de Álvaro Hattnher aRio de JaneirobObjetivac2007 a363 p.1 aDetetive Harry Bosch aEcho Park é o décimo segundo romance em que Michael Connelly apresenta Harry Bosch, um detetive experiente, obcecado pelos crimes que investiga. Desta vez, Harry é assombrado por um fantasma. Um fantasma que o perturba há treze anos. 0aLiteratura Americana 0aRomance Policial  0aCrime e Investigação  0aSuspense 0aMistério 0aRomance 0aFicção  aÁlvaro HattnhereTradutor aDetetive Harry Bosch